Kratkyj spravodčik po fotomaterialam /

Gespeichert in:
Bibliographische Detailangaben
1. Verfasser: Žurba, Jurij Ivanovič (Verfasst von)
Format: Buch
Sprache:Russisch
Veröffentlicht: Moskva : Iskusstvo, 1987
Ausgabe:1.vyd.
Tags: Tag hinzufügen
Keine Tags, Fügen Sie das erste Tag hinzu!

MARC

LEADER 00000nam a22000003a 4500
001 stu5722
005 20150617225808.2
008 940427s1987----xxr-----------------rus-d
040 |a STU  |b slo 
041 0 |a rus 
044 |a xxr 
080 |a 771.5  |7 stu_us_auth*stu6928 
100 1 |a Žurba, Jurij Ivanovič  |4 aut 
245 1 |a Kratkyj spravodčik po fotomaterialam /  |c [aut.] Žurba,Ju.I 
250 |a 1.vyd. 
260 |a Moskva :  |b Iskusstvo,  |c 1987 
300 |a 315 s 
996 |b E65635  |c E*65635  |l EE10  |s P  |a 0  |w stu5722_0001